000 00596nam a2200229Ia 4500
003 OSt
005 20220928141028.0
006 a|||||r|||| 00| 0
007 ta
008 220927b |||||||| |||| 00| 0 eng d
024 _a12989
037 _cTextual
040 _aSDCL
_cSDCL
_beng
041 _2eng
_aeng
082 _aO-,4M93x, N0
100 _aRichards I A
245 0 _aSelected letters of I A Richards.
260 _c1990
700 _a Constable John Ed.
_9498578
942 _hO-,4M93x, N0
_cTEXL
_2CC
999 _c815398
_d815398